<?xml version="1.0" encoding="UTF-8"?><?xml-stylesheet type="text/xsl" href="static/style.xsl"?><OAI-PMH xmlns="http://www.openarchives.org/OAI/2.0/" xmlns:xsi="http://www.w3.org/2001/XMLSchema-instance" xsi:schemaLocation="http://www.openarchives.org/OAI/2.0/ http://www.openarchives.org/OAI/2.0/OAI-PMH.xsd"><responseDate>2026-04-17T16:05:43Z</responseDate><request verb="GetRecord" identifier="oai:www.recercat.cat:2072/477292" metadataPrefix="marc">https://recercat.cat/oai/request</request><GetRecord><record><header><identifier>oai:recercat.cat:2072/477292</identifier><datestamp>2025-10-13T12:01:27Z</datestamp><setSpec>com_2072_98</setSpec><setSpec>col_2072_378192</setSpec></header><metadata><record xmlns="http://www.loc.gov/MARC21/slim" xmlns:dcterms="http://purl.org/dc/terms/" xmlns:xsi="http://www.w3.org/2001/XMLSchema-instance" xmlns:doc="http://www.lyncode.com/xoai" xsi:schemaLocation="http://www.loc.gov/MARC21/slim http://www.loc.gov/standards/marcxml/schema/MARC21slim.xsd">
   <leader>00925njm 22002777a 4500</leader>
   <datafield ind2=" " ind1=" " tag="042">
      <subfield code="a">dc</subfield>
   </datafield>
   <datafield ind2=" " ind1=" " tag="720">
      <subfield code="a">Xian, Lihua</subfield>
      <subfield code="e">author</subfield>
   </datafield>
   <datafield ind2=" " ind1=" " tag="720">
      <subfield code="a">Fang, Jianbo</subfield>
      <subfield code="e">author</subfield>
   </datafield>
   <datafield ind2=" " ind1=" " tag="720">
      <subfield code="a">Lu, Dehao</subfield>
      <subfield code="e">author</subfield>
   </datafield>
   <datafield ind2=" " ind1=" " tag="720">
      <subfield code="a">Yang, Yuantong</subfield>
      <subfield code="e">author</subfield>
   </datafield>
   <datafield ind2=" " ind1=" " tag="720">
      <subfield code="a">Feng, Jiayi</subfield>
      <subfield code="e">author</subfield>
   </datafield>
   <datafield ind2=" " ind1=" " tag="720">
      <subfield code="a">Wu, Daoming</subfield>
      <subfield code="e">author</subfield>
   </datafield>
   <datafield ind2=" " ind1=" " tag="720">
      <subfield code="a">Peñuelas, Josep</subfield>
      <subfield code="e">author</subfield>
   </datafield>
   <datafield ind2=" " ind1=" " tag="720">
      <subfield code="a">Zeng, Shucai</subfield>
      <subfield code="e">author</subfield>
   </datafield>
   <datafield ind2=" " ind1=" " tag="260">
      <subfield code="c">2024</subfield>
   </datafield>
   <datafield ind2=" " ind1=" " tag="260">
      <subfield code="c">info:eu-repo/date/embargoEnd/2026-10-30</subfield>
   </datafield>
   <datafield ind2=" " ind1=" " tag="520">
      <subfield code="a">The environmental risks of migration of heavy metals (HMs) following applications of sewage sludge (SS) to forest soils are garnering increased attention. Plant litter at the forest floor may modify HM migration pathways through impacts on soil aggregates and water/soil erosion; however, HM migration responses to plant litter are poorly understood. The aim of this study was to determine the effects of plant litter cover on HMs migration, and water and soil erosion following the application of SS to subtropical forest soils. Effects of addition of SS along and SS plus plant litter at 0.75 or 1.5 kg m-2 on the migration of cadmium, chromium, copper, nickel, lead, and zinc in surface runoff, soil interflow, and sediments were quantified across nine simulated rainfall events in a laboratory experiment and following natural intense rain events in a field experiment. Addition of SS elevated HM concentrations in surface runoff by 38.7 to 98.5 %, in soil interflow by 48.3 to 312.5 %, and in sediment by 28.5 to 149.4 %, and increased the production of sediment aggregates &lt;0.05 mm that led to greater cumulative migrations of HMs in surface runoff and sediment; sediment accounted for 89.5 % of HM migrations. Addition of plant litter reduced cumulative migration of HMs by 87.1-97.27 %; however, the higher rate of plant litter led to a decrease in surface runoff and sediment yield, and an increase in soil interflow. Addition of plant litter shifted the main pathway of HM migration from sediment to surface runoff and soil interflow. The potential ecological HM risk index was "low" for each treatment. We found consistency in HM concentrations and migrations via surface runoff between the field and laboratory experiments. Overall, the addition of plant litter with SS mitigated soil erosion and reduced total migration of HMs, resulting in a 88.7-97.3 % decrease in the ecological risk index of the six HMs. We conclude that the addition of plant litter may provide a management strategy for the mitigation of HM risks to environmental safety for the disposal of SS in subtropical forest systems.</subfield>
   </datafield>
   <datafield tag="653" ind2=" " ind1=" ">
      <subfield code="a">Sewage sludge</subfield>
   </datafield>
   <datafield tag="653" ind2=" " ind1=" ">
      <subfield code="a">Plant litter</subfield>
   </datafield>
   <datafield tag="653" ind2=" " ind1=" ">
      <subfield code="a">Forest soil</subfield>
   </datafield>
   <datafield tag="653" ind2=" " ind1=" ">
      <subfield code="a">Heavy metal</subfield>
   </datafield>
   <datafield tag="653" ind2=" " ind1=" ">
      <subfield code="a">Migration pathway</subfield>
   </datafield>
   <datafield tag="653" ind2=" " ind1=" ">
      <subfield code="a">Ecological risk</subfield>
   </datafield>
   <datafield ind2="0" ind1="0" tag="245">
      <subfield code="a">Plant litter as a heavy metal migration strategy following application of sewage sludge to subtropical forest soils</subfield>
   </datafield>
</record></metadata></record></GetRecord></OAI-PMH>